| 000 | 00422nam a2200169Ia 4500 | ||
|---|---|---|---|
| 005 | 20250508161609.0 | ||
| 008 | 008 250505s9999 xx 000 0 eng d | ||
| 037 | _aTextual | ||
| 040 |
_aFEDL _beng _cFEDL |
||
| 041 |
_aeng _2eng |
||
| 084 |
_a507, VAI _qFEDL |
||
| 100 | _aVaidya N | ||
| 245 | 0 | _aPlanning for science teaching | |
| 300 | _a96p. | ||
| 942 |
_cTEXL _h507, VAI |
||
| 999 |
_c1371014 _d1371014 |
||